| 000 | 00709nam a2200241 a 4500 | ||
|---|---|---|---|
| 008 | |||
| 020 | _a0750645806 (pbk.) | ||
| 049 | _aMAIN | ||
| 090 | 0 |
_aHF5549.5.M3 _bSTR |
|
| 100 | 1 | _aStredwick, John. | |
| 245 | 1 | 3 |
_aAn introduction to human resource management / _cJohn Stredwick. |
| 260 |
_aBoston : _bButterworth-Heinemann, _c2000. |
||
| 300 |
_axiv, 393 p. ; _c25 cm. |
||
| 504 | _aIncludes bibliographical references. | ||
| 500 | _aIncludes index. | ||
| 650 | _aManagement. | ||
| 650 | 0 | _aPersonnel management. | |
| 907 |
_a.b10127768 _b08-10-18 _c17-06-04 |
||
| 003 | |||
| 005 | 20230123125400.0 | ||
| 040 | _cNUST | ||
| 942 |
_cBOOKS _kHF5549.5.M3 _mSTR |
||
| 999 |
_c140552 _d140552 |
||